| 000 | 00853nam a2200253 a 4500 | ||
|---|---|---|---|
| 008 | |||
| 020 | _a0521799651 (pbk. ) | ||
| 049 | _aMAIN | ||
| 090 | _aQP519.7 PRA | ||
| 245 | 1 | 0 |
_aPractical Biochemistry : _bprinciples and techniques / _cedited by Keith Wilson and John Walker. |
| 250 | _a5th ed, Cambridge Low-Price Editions. | ||
| 260 |
_aUnited Kingdom : _bCambridge University, _c1994. |
||
| 300 |
_axviii, 784 p. : _bill. ; _c25 cm. |
||
| 500 | _a"Former edition: Principles and techniques of practical biochemistry." | ||
| 500 | _aIncludes index. | ||
| 504 | _aIncludes bibliographical references. | ||
| 700 | _aWilson, Keith. | ||
| 700 | _aWalker ,John. | ||
| 907 |
_a.b10142861 _b24-05-07 _c08-12-04 |
||
| 003 | |||
| 005 | 20230123133858.0 | ||
| 040 | _cNUST | ||
| 942 |
_cBOOKS _kQP519.7 PRA |
||
| 999 |
_c156174 _d156174 |
||